Online
Catalog

Guaraguanó : (Record no. 49795)

MARC details
000 -CABECERA
campo de control de longitud fija 02292nam a22002897a 4500
003 - IDENTIFICADOR DEL NÚMERO DE CONTROL
campo de control DO-SdBNP
005 - FECHA Y HORA DE LA ÚLTIMA TRANSACCIÓN
campo de control 20240229163822.0
007 - CAMPO FIJO DE DESCRIPCIÓN FÍSICA--INFORMACIÓN GENERAL
campo de control de longitud fija ta
008 - DATOS DE LONGITUD FIJA--INFORMACIÓN GENERAL
campo de control de longitud fija 210429b2019 dr a b|er ||| 001 1dspa d
020 ## - NÚMERO INTERNACIONAL ESTÁNDAR DEL LIBRO
Número Internacional Estándar del Libro 9789945505054
040 ## - FUENTE DE LA CATALOGACIÓN
Centro catalogador/agencia de origen DO-SdBNP
Lengua de catalogación spa
Centro/agencia transcriptor BNPHU
041 ## - CÓDIGO DE LENGUA
Código de lengua original spa
082 #4 - NÚMERO DE LA CLASIFICACIÓN DECIMAL DEWEY
Número de clasificación 972.9353
Número de documento/Ítem R696g, 2019
Número de edición 22
100 1# - ENTRADA PRINCIPAL--NOMBRE DE PERSONA
Nombre de persona Rodríguez, Carlos Rafael,
Fechas asociadas al nombre 1913-1997
9 (RLIN) 19221
245 10 - MENCIÓN DE TÍTULO
Título Guaraguanó :
Resto del título resumen histórico del municipio de Monción /
Mención de responsabilidad, etc. Carlos Rafael Rodríguez ; prólogo Galindo Martínez.
250 ## - MENCIÓN DE EDICIÓN
Mención de edición 2a. ed.
260 ## - PUBLICACIÓN, DISTRIBUCIÓN, ETC.
Lugar de publicación, distribución, etc. Santo Domingo :
Nombre del editor, distribuidor, etc. Centenario,
Fecha de publicación, distribución, etc. 2019.
300 ## - DESCRIPCIÓN FÍSICA
Extensión 327p. :
Otras características físicas ilustraciones y mapas ;
Dimensiones 21 cm.
500 ## - NOTA GENERAL
Nota general Incluye datos biográficos del autor en las solapas
505 0# - NOTA DE CONTENIDO CON FORMATO
Nota de contenido con formato 1. División política de la isla.-
Título 2.Origen de Guaraguanó --
-- 3. La mata de Guaraguanó --
-- 4. Sitio catastral de Guaraguanó --
-- 5. Fundación : primeros habitantes --
-- 6. Formación del poblado de Guaraguanó.--
-- 7. Sección de Guaraguanó --
-- 8. Episodios de la Restauración --
-- 9. Puesto cantonal de Guaraguanó --
-- 10. Cambio de nombre. Puesto cantonal de Monción --
-- 11. Puesto militar/Puesto cantonal --
-- 12. Municipio de Monción --
-- 13. Creencias sobrenaturales y religiosas --
-- 14. Carlos de Vargas --
-- 15. Estudios geológicos --
-- 16. Centro de minas --
-- 17. Personalidades --
-- 18. Primera iglesia --
-- 19. Las fiestas patronales de San Antonio --
-- 20. Partidos políticos --
-- 21. Visitantes distinguidos --
-- 22. El club recreativo Guaraguanó --
-- 23. Desarrollo cultural --
-- 24. Indice de leyes y decretos sobre el municipio de Monción --
-- 25. El Plan Sierra --
-- 26. Presa de Monción --
-- 27. Deportes --
-- 28. Cooperativa de Ahorros y Préstamos Mamoncito --
-- 29. Atractivos naturales --
-- 30. Complejo agroindustrial/Federación Campesina Guaraguanó --
-- 31. Militares y policías --
-- 32. Primera carretera --
-- 33. Telecomunicaciones --
-- 34. Primer acueducto --
-- 35. Primer hospital --
-- 36. Alumbrado eléctrico .
590 ## - NOTA LOCAL (RLIN)
Nota local Inventariado, 2023/BT
650 #4 - PUNTO DE ACCESO ADICIONAL DE MATERIA--TÉRMINO DE MATERIA
Término de materia o nombre geográfico como elemento de entrada Ciudades y pueblos
Subdivisión geográfica República Dominicana
-- Monción (Municipio)
9 (RLIN) 784
651 #0 - PUNTO DE ACCESO ADICIONAL DE MATERIA--NOMBRE GEOGRÁFICO
Nombre geográfico Monción (República Dominicana : Municipio)
Subdivisión general Historia local
9 (RLIN) 78533
700 1# - PUNTO DE ACCESO ADICIONAL--NOMBRE DE PERSONA
Nombre de persona Martínez, Galindo,
Término indicativo de función/relación prólogo
9 (RLIN) 38849
910 ## - DATOS DE OPCIÓN DEL USUARIO (OCLC)
Datos de opción del usuario Validado. Control de calidad MFF
942 ## - ELEMENTOS DE PUNTO DE ACCESO ADICIONAL (KOHA)
Fuente del sistema de clasificación o colocación Dewey Decimal Classification
Tipo de ítem Koha Libro
Holdings
Estado de retiro Estado de pérdida Fuente del sistema de clasificación o colocación Restricciones de uso No para préstamo Código de colección Localización permanente Ubicación/localización actual Ubicación en estantería Fecha de adquisición Fuente de adquisición Signatura topográfica completa Código de barras Fecha visto por última vez Precio válido a partir de Tipo de ítem Koha Número de copia
    Dewey Decimal Classification Excluido de préstamo   Patrimonio Dominicano Biblioteca Nacional Pedro Henríquez Ureña Biblioteca Nacional Pedro Henríquez Ureña Depósito 04.03.2021 Depósito Legal BNPHU PD 972.9353 R696g, 2019 2021-1630 29.04.2021 29.04.2021 Libro  
    Dewey Decimal Classification Excluido de préstamo   Patrimonio Dominicano Biblioteca Nacional Pedro Henríquez Ureña Biblioteca Nacional Pedro Henríquez Ureña Depósito 04.03.2021 Depósito Legal BNPHU PD 972.9353 R696g, 2019 2021-1633 29.04.2021 29.04.2021 Libro e.2
    Dewey Decimal Classification Préstamo en sala   Dominicana de Servicio Biblioteca Nacional Pedro Henríquez Ureña Biblioteca Nacional Pedro Henríquez Ureña Depósito 04.03.2021 Depósito Legal BNPHU DS 972.9353 R696g, 2019 2021-1634 29.04.2021 29.04.2021 Libro e.3
    Dewey Decimal Classification Préstamo en sala   Dominicana de Servicio Biblioteca Nacional Pedro Henríquez Ureña Biblioteca Nacional Pedro Henríquez Ureña Depósito 17.07.2021 Donación BNPHU DS 972.9353 R696g, 2019 2021-1635 29.04.2021 29.04.2021 Libro e.4
    Dewey Decimal Classification Préstamo en sala   Dominicana de Servicio Biblioteca Nacional Pedro Henríquez Ureña Biblioteca Nacional Pedro Henríquez Ureña Depósito 17.02.2021 Donación BNPHU DS 972.9353 R696g, 2019 2021-1636 29.04.2021 29.04.2021 Libro e.5

Powered by Koha